000 00363nam a2200145Ia 4500
008 230917s9999||||xx |||||||||||||| ||und||
040 _e98149
_aMAIN
041 _aEnglish
082 _a327.540587 J199S
100 _aJain, R K
245 0 _aSoviet South Asian relations 1947-1978
260 _aNew Delhi
_bRadiant
_c1978
300 _axx, 602 p.
942 _cBK
999 _c195717
_d195717